Emotions by Emojis - Statistics

General Stats
  • This quiz has been taken 45 times
  • The average score is 5 of 8
Answer Stats
Picture Answer % Correct
Joy
95%
Anger
92%
Sadness
86%
Fear
76%
Love
76%
Disgust
62%
Embarrassment
22%
Jealousy
8%
No matching quizzes found
Score Distribution
Percent of People with Each Score
Percentile by Number Answered
Your Score History
You have not taken this quiz